| 000 | 00818nam a22001937a 4500 | ||
|---|---|---|---|
| 999 |
_c371599 _d371599 |
||
| 008 | 201127b ||||| |||| 00| 0 eng d | ||
| 040 |
_aDE-2950 _bger _cDE-2950 _erda |
||
| 041 | _ager | ||
| 245 |
_aSo hätte das Alte Kino auch aussehen können. _bDenkmal: In der kommenden Woche sind die zwölf Entwürfe für den Um- und Ausbau des einstigen Lichtspieltheaters der Junge in Frankfurt in der Wandelhalle des Kleist Forums noch einmal zu sehen ... / _cInes Weber-Rath |
||
| 264 | _c2022 | ||
| 653 | _aFrankfurt (Oder) | ||
| 653 | _aAltes Kino | ||
| 653 | _aEntwürfe | ||
| 773 |
_dFrankfurt (Oder) Märkisches Verlags- und Druckhaus GmbH & Co KG _tMärkische Oderzeitung _g33. Jahrgang (2022) Nr. 105 vom 06.05.2022, S. 15 |
||
| 942 | _cA | ||